Personnages de Avengers Endgame - Statistiques

Statistiques générales
  • Ce quiz a été pris 157 fois
  • Le résultat moyen est 28 sur 63
Statistiques - réponses
Réponse % Correct
Iron Man
100%
Captain America
99%
Thor
99%
Hulk
98%
Black Widow
91%
Thanos
91%
Spider Man
90%
Ant Man
84%
Gamora
84%
Black Panther
83%
Groot
81%
Hawkeye
79%
Rocket
79%
Star Lord
79%
Captain Marvel
77%
Doctor Strange
76%
Drax
75%
Wanda Maximoff
75%
Loki
73%
Nebula
71%
La Guêpe
59%
Mantis
57%
Bucky Barnes
56%
Pepper Potts
56%
Nick Fury
55%
War Machine
55%
Shuri
54%
Falcon
52%
Okoye
48%
Valkyrie
47%
Wong
44%
Howard Stark
34%
Happy Hogan
32%
Morgan Stark
31%
Crâne Rouge
30%
Korg
30%
Maria Hill
28%
M'Baku
27%
Peggy Carter
27%
Frigga
23%
Hank pym
23%
Ebony Maw
21%
L' Ancien
20%
Tante May
20%
Jane Foster
19%
Ned
18%
Laura Barton
17%
Cull Obsidian
16%
Proxima Midnight
16%
Corvus Glaive
14%
Edwin Jarvis
14%
Cassie Lang
13%
Miek
12%
Alexander Pierce
11%
Janet Van Dyne
10%
Howard the duck
9%
Harley Keener
8%
Nathaniel Barton
6%
Ramonda
6%
Cooper Barton
5%
Cross Bones
5%
Thaddeus Ross
3%
Lili Barton
0%
Aucun quiz correspondant
Distribution des résultats
% des personnes avec chaque résultat
Percentile par nombre de réponses
Votre historique - résultats
Vous n’avez pas pris ce quiz